Normal view
MARC view
- Benazir
Entry Topical Term
001 - CONTROL NUMBER
- control field: 110877
003 - CONTROL NUMBER IDENTIFIER
- control field: NUST
005 - DATE AND TIME OF LATEST TRANSACTION
- control field: 20230321131250.0
008 - FIXED-LENGTH DATA ELEMENTS
- fixed length control field: 230321|| aca||aabn | a|a d
040 ## - CATALOGING SOURCE
- Original cataloging agency: NUST
- Transcribing agency: NUST
150 ## - HEADING--TOPICAL TERM
- Topical term or geographic name entry element: Benazir
670 ## - SOURCE DATA FOUND
- Source citation: Work cat.: (NUST)187898: Bkhshalvi, Gul 110876, Tehreek-e-Muzahmit:
